Quick Pick: Monopoly Chance Cards Quiz Stats

Quiz Updated Jul 7, 2016

Challenge
Share
Tweet
Embed
Score 0/10 Timer 01:00
3 Plays Today
% Correct
Chairman
95.2%
Jail
95.1%
Spaces
95.1%
Walk
94.6%
Illinois
92.8%
Repairs
92.4%
Dividend
92.1%
Nearest
89.8%
Matures
82.1%
Poor
73.3%

Today's Daily Dose

You're not logged in!

Compare scores with friends on all Sporcle quizzes.
Sign Up with Email
OR
Log In

You Might Also Like...

Show Comments

Extras

Top Quizzes Today


Score Distribution

Your Account Isn't Verified!

In order to create a playlist on Sporcle, you need to verify the email address you used during registration. Go to your Sporcle Settings to finish the process.